Tiempo de hoy. (Record no. 2299)
[ view plain ]
| 000 -LEADER | |
|---|---|
| campo de control de longitud fija | 00968nas a2200289 i 4500 |
| 001 - NÚMERO DE CONTROL | |
| campo de control | 2299 |
| 003 - IDENTIFICADOR DE NÚMERO DE CONTROL | |
| campo de control | ES-MaACL |
| 005 - FECHA Y HORA DE LA ÚLTIMA TRANSACCIÓN | |
| campo de control | 20250330181129.0 |
| 007 - CAMPO FIJO DE DESCRIPCIÓN FÍSICA--INFORMACIÓN GENERAL | |
| campo de control de longitud fija | t| |
| 008 - DATOS DE LONGITUD FIJA--INFORMACIÓN GENERAL | |
| campo de control de longitud fija | 950801d19822018sp w| | 1 ||pa d |
| 022 ## - NÚMERO INTERNACIONAL NORMALIZADO PARA PUBLICACIONES SERIADAS | |
| Número Internacional Normalizado para Publicaciones Seriadas | 0213-1951 |
| 080 ## - NÚMERO DE LA CLASIFICACIÓN DECIMAL UNIVERSAL | |
| Número de la Clasificación Decimal Universal | (051) |
| 245 00 - MENCIÓN DEL TÍTULO | |
| Título | Tiempo de hoy. |
| 260 ## - PUBLICACIÓN, DISTRIBUCIÓN, ETC. | |
| Lugar de publicación, distribución, etc. | Madrid : |
| Nombre del editor, distribuidor, etc. | Ediciones Tiempo, |
| Fecha de publicación, distribución, etc. | 1982-2018. |
| 300 ## - DESCRIPCIÓN FÍSICA | |
| Extensión | 86 v. : |
| Otras características físicas | il. ; |
| Dimensiones | 28 cm. |
| 310 ## - PERIODICIDAD ACTUAL | |
| Periodicidad actual | Semanal |
| 362 0# - FECHAS DE PUBLICACIÓN Y/O DESIGNACIÓN SECUENCIAL | |
| Fecha de publicación y/o designación secuencial | N. 1 (17 mayo 1982)- n. 1823 (26 en. 2018) |
| 500 ## - NOTA GENERAL | |
| Nota general | Descripción basada en : n. 159 (may. 1985) |
| 650 14 - PUNTO DE ACCESO ADICIONAL DE MATERIA--TÉRMINO DE MATERIA | |
| Término de materia o nombre geográfico como elemento de entrada | Revistas de información general. |
| 9 (RLIN) | 16896 |
| 655 #7 - TERMINO DE INDIZACIÓN--GENERO/FORMA | |
| Fuente del término | tgfbne |
| 9 (RLIN) | 226866 |
| Datos o término principal de género/forma | Revistas |
| 852 ## - LOCALIZACIÓN | |
| Ubicación | ES-MaACL |
| Número de control de estantería | Hem-1811 |
| Nota libre | Expurgado marzo 2025; posterior 1958 |
| 856 ## - LOCALIZACIÓN Y ACCESO ELECTRÓNICOS | |
| Identificador Uniforme de Recursos | <a href="https://dialnet.unirioja.es/servlet/revista?codigo=18396">https://dialnet.unirioja.es/servlet/revista?codigo=18396</a> |
| Nota pública | Sumarios de la revista en Dialnet |
| 866 #0 - MENCIÓN TEXTUAL DE FONDOS--UNIDAD BIBLIOGRÁFICA BÁSICA | |
| Fondos | (1985f.ene.-abr.)1986-89(1990f.n.417-423)1991-01, (2002-03),2004,(2005-07). |
| 942 ## - ELEMENTOS DE ENTRADA SECUNDARIOS (KOHA) | |
| Fuente del sistema de clasificación o colocación | Clasificación decimal universal |
| Tipo de ítem Koha | Revista |
| Estatus retirado | Estado de pérdida | Fuente del sistema de clasificación o colocación | Estado de daño | No para préstamo | Colección | Biblioteca de origen | Biblioteca actual | Ubicación en estantería | Fecha de adquisición | Total de préstamos | Signatura topográfica completa | Código de barras | Visto por última vez | Precio de reemplazo | Tipo de ítem Koha |
|---|---|---|---|---|---|---|---|---|---|---|---|---|---|---|---|
| Expurgado | Clasificación decimal universal | Periódicos y Revistas | Biblioteca del Ateneo de Madrid | Biblioteca del Ateneo de Madrid | Hemeroteca | 17/01/2008 | Hem-1811 | 1002340 | 23/02/2023 | 23/02/2023 | Revista |
